Stations TEOR de Rouen - 2026 - Statistiques

Statistiques générales
  • Ce quiz a été pris 246 fois
    63 depuis la dernière actualisation
  • Le résultat moyen est 53 sur 108
Statistiques - réponses
Ville Station % Correct
T1 Rouen Belges
92%
T2 Rouen Belges
92%
T3 Rouen Belges
92%
T4 Rouen Belges
92%
T1 Rouen CHU Charles Nicolle
92%
T2 Rouen CHU Charles Nicolle
92%
T3 Rouen CHU Charles Nicolle
92%
T4 Rouen CHU Charles Nicolle
92%
T1 Rouen Cathédrale
90%
T2 Rouen Cathédrale
90%
T3 Rouen Cathédrale
90%
T1 Rouen Mont Riboudet
88%
T2 Rouen Mont Riboudet
88%
T3 Rouen Mont Riboudet
88%
T5 Rouen Mont Riboudet
88%
T1 Rouen Théâtre des Arts
88%
T2 Rouen Théâtre des Arts
88%
T3 Rouen Théâtre des Arts
88%
T1 Rouen Pasteur
83%
T2 Rouen Pasteur
83%
T3 Rouen Pasteur
83%
T1 Mont St. Aignan Mont aux Malades
79%
T5 Mont St. Aignan Mont aux Malades
79%
T1 Rouen Saint Marc
79%
T2 Rouen Saint Marc
79%
T3 Rouen Saint Marc
79%
T1 Rouen République
75%
T2 Rouen République
75%
T3 Rouen République
75%
T1 Rouen Luciline
73%
T2 Rouen Luciline
73%
T3 Rouen Luciline
73%
T4 Rouen Gare Rue Verte
71%
T1 Rouen Martainville
71%
T2 Rouen Martainville
71%
T3 Rouen Martainville
71%
T4 Rouen Boulingrin
65%
T1 Mont St. Aignan Campus
65%
T5 Mont St. Aignan Campus
65%
T4 St. Etienne du R. / Le Grand Quevilly Zénith - Parc Expo
65%
T4 Rouen Beauvoisine
63%
T2 Rouen Saint Hilaire
60%
T3 Rouen Saint Hilaire
60%
T4 Rouen Saint Hilaire
60%
T4 Rouen CAF
54%
T1 Mont St. Aignan Les Coquets
54%
T5 Mont St. Aignan Les Coquets
54%
T1 Mont St. Aignan Place Colbert
54%
T5 Mont St. Aignan Place Colbert
54%
T4 Sotteville lès R. / Le Petit Quevilly Stade Diochon
54%
T1 Rouen Fond du Val
50%
T5 Rouen Fond du Val
50%
T4 Rouen Orléans
50%
T5 Rouen Orléans
50%
T4 Rouen Vieux Marché
50%
T2 Rouen / Bihorel Tamarelle
48%
T4 Rouen Cauchoise
46%
T4 St. Etienne du R. Technopôle
44%
T2 Rouen Auberge de Jeunesse
42%
T3 Rouen Auberge de Jeunesse
42%
T4 Rouen Marie Curie - MTC
42%
T4 Rouen Marie Marvingt
40%
T4 Le Petit Quevilly 11 Novembre
35%
T5 Rouen Champlain
35%
T3 Rouen / Darnétal Ecole d'Architecture
35%
T2 Rouen Deux Rivières
33%
T3 Rouen Deux Rivières
33%
T5 Rouen Joffre - Mutualité
33%
T2 Notre Dame de B. Mairie - V. Schoelcher
33%
T2 Déville lès R. / Maromme Demi-Lune
31%
T3 Darnétal Durécu-Lavoisier
31%
T3 Darnétal Mairie de Darnétal
31%
T4 Le Petit Quevilly Chartreux
29%
T4 St. Etienne du R. ESIGELEC
29%
T4 St. Etienne du R. / Le Grand Quevilly George Sand
29%
T4 Rouen Louis Poterat
29%
T3 Rouen MIN
29%
T4 St. Etienne du R. Lycée Le Corbusier
25%
T4 St. Etienne du R. / Petit Couronne Mare aux Sangsues
25%
T3 Canteleu Monet
25%
T2 Rouen Bapeaume
23%
T4 Rouen Campus Santé
23%
T4 St. Etienne du R. / Le Grand Quevilly Champ des Bruyères
23%
T2 Déville lès R. Mairie de Déville
23%
T4 St. Etienne du R. / Le Grand Quevilly Stendhal
23%
T5 Rouen Amiral Cécille
21%
T5 Rouen Camille Claudel
19%
T3 Darnétal Les Canadiens
19%
T2 Déville lès R. Maison normande
19%
T2 Déville lès R. Petit Saint Pierre
19%
T2 Rouen Châtelet
15%
T2 Rouen Clos d'Argent
15%
T2 Rouen Couperin
15%
T2 Notre Dame de B. Moulin à Poudre
15%
T2 Déville lès R. / Maromme Bernard Palissy
13%
T3 Canteleu Bizet
13%
T2 Rouen Sainte Claire
13%
T3 Canteleu Hôtel de Ville - Jaurès
10%
T2 Rouen Piscine Salomon
10%
T3 Canteleu Pissarro
10%
T3 Canteleu Chemin de la Corniche
8%
T3 Canteleu Dumas
8%
T2 Rouen Galilée
8%
T2 Rouen Malraux
8%
T3 Canteleu Prat
8%
T3 Canteleu Provence
8%
T3 Canteleu Touyé
8%
T2 Rouen Maison de l'Emploi
6%
Aucun quiz correspondant
Distribution des résultats
% des personnes avec chaque résultat
Percentile par nombre de réponses
Votre historique - résultats
Vous n’avez pas pris ce quiz depuis la dernière actualisation